Algebra und Geometrie für Ingenieure
Gespeichert in:
| Format: | Buch |
|---|---|
| Sprache: | Deutsch |
| Veröffentlicht: |
Leipzig :
Fachbuchverlag,
1974
|
| Ausgabe: | 9. Aufl. |
| Tags: |
Keine Tags, Fügen Sie das erste Tag hinzu!
|
MARC
| LEADER | 00000nam a22000003a 4500 | ||
|---|---|---|---|
| 001 | stu219168 | ||
| 005 | 20150408182833.3 | ||
| 008 | 101209s1974----ge------------------ger-d | ||
| 040 | |a STU |b slo | ||
| 041 | 0 | |a ger | |
| 044 | |a ge | ||
| 080 | |a 512/519 | ||
| 080 | |a 62 | ||
| 245 | |a Algebra und Geometrie für Ingenieure | ||
| 250 | |a 9. Aufl. | ||
| 260 | |a Leipzig : |b Fachbuchverlag, |c 1974 | ||
| 300 | |a 589 s | ||
| 996 | |b E40689 |c E*40689 |l EE03 |s P |a 0 |w stu219168_0001 | ||